Eat this, not that : (Record no. 220)

MARC details
000 -LEADER
fixed length control field 01441cam a2200325 a 4500
005 - DATE AND TIME OF LATEST TRANSACTION
control field 20260322212011.0
008 - FIXED-LENGTH DATA ELEMENTS--GENERAL INFORMATION
fixed length control field data
010 ## - LIBRARY OF CONGRESS CONTROL NUMBER
LC control number 2007043059
020 ## - INTERNATIONAL STANDARD BOOK NUMBER
International Standard Book Number 9781594868542 (pbk.)
020 ## - INTERNATIONAL STANDARD BOOK NUMBER
International Standard Book Number 1594868549 (pbk.)
040 ## - CATALOGING SOURCE
Original cataloging agency DLC
Transcribing agency DLC
Modifying agency DLC
-- BTCTA
-- YDXCP
-- BAKER
-- UPZ
-- VP@
-- JED
-- DLC
050 00 - LIBRARY OF CONGRESS CALL NUMBER
Classification number RA784
Item number .Z563 2008
082 00 - DEWEY DECIMAL CLASSIFICATION NUMBER
Classification number 613.2
Edition information 22
092 ## - LOCALLY ASSIGNED DEWEY CALL NUMBER (OCLC)
Classification number 613.2 Z563 2008
001 - CONTROL NUMBER
control field data
100 1# - MAIN ENTRY--PERSONAL NAME
Personal name Zinczenko, David.
245 10 - TITLE STATEMENT
Title Eat this, not that :
Remainder of title thousands of simple food swaps that can save you 10, 20, 30 pounds--or more! /
Statement of responsibility, etc. David Zinczenko & Matt Goulding.
260 ## - PUBLICATION, DISTRIBUTION, ETC.
Place of publication, distribution, etc. New York, NY :
Name of publisher, distributor, etc. Distributed to the trade by Macmillan,
-- Distributed to the trade by Macmillan,
Date of publication, distribution, etc. c2008.
300 ## - PHYSICAL DESCRIPTION
Extent xiii, 304 p. :
Other physical details col. ill. ;
Dimensions 17 cm.
500 ## - GENERAL NOTE
General note Includes index.
650 #0 - SUBJECT ADDED ENTRY--TOPICAL TERM
Topical term or geographic name entry element Nutrition.
650 #0 - SUBJECT ADDED ENTRY--TOPICAL TERM
Topical term or geographic name entry element Functional foods.
650 #0 - SUBJECT ADDED ENTRY--TOPICAL TERM
Topical term or geographic name entry element Convenience foods.
700 1# - ADDED ENTRY--PERSONAL NAME
Personal name Goulding, Matt.
856 42 - ELECTRONIC LOCATION AND ACCESS
Materials specified Contributor biographical information
Uniform Resource Identifier <a href="http://www.loc.gov/catdir/enhancements/fy0804/2007043059-b.html">http://www.loc.gov/catdir/enhancements/fy0804/2007043059-b.html</a>
856 42 - ELECTRONIC LOCATION AND ACCESS
Materials specified Publisher description
Uniform Resource Identifier <a href="http://www.loc.gov/catdir/enhancements/fy0804/2007043059-d.html">http://www.loc.gov/catdir/enhancements/fy0804/2007043059-d.html</a>
906 ## - LOCAL DATA ELEMENT F, LDF (RLIN)
a 7
b cbc
c orignew
d 1
e ecip
f 20
g y-gencatlg
925 0# -
-- acquire
-- 2 shelf copies
-- policy default
955 ## - COPY-LEVEL INFORMATION (RLIN)
-- jc02 2007-10-18 to review
-- pv01 2008-04-24 Z-CipVer 2 copies to CIP
Holdings
Withdrawn status Lost status Damaged status Not for loan Home library Current library Shelving location Date acquired Total checkouts Full call number Barcode Date last seen Price effective from Koha item type
        Midway Midway General stacks 22/03/2026   613.2 22 BC0010228 22/03/2026 22/03/2026 Books